[Event "TUR-ch U13-U18"]
[Site "Antalya"]
[Date "2020.01.23"]
[Round "8"]
[White "Degirmencioglu, Mustafa Tuna"]
[Black "Anik, Abdullah Mert"]
[Result "1/2-1/2"]
[WhiteElo "1199"]
[BlackElo "1353"]
[PlyCount "104"]
[EventDate "2020.01.19"]
[EventType "swiss"]
[EventRounds "11"]
[EventCountry "TUR"]
[SourceTitle "CBM 195 Extra"]
[Source "ChessBase"]
[SourceDate "2020.05.31"]
[SourceVersion "1"]
[SourceVersionDate "2020.05.31"]
[SourceQuality "1"]

1. e4 e5 2. Nf3 Nc6 3. Bc4 Nf6 4. Ng5 d5 5. exd5 Na5 6. Bb5+ c6 7. dxc6 bxc6 8. Qf3 Bb7 9. Ba4 Be7 10. d3 0-0 11. Nc3 c5 12. Qh3 c4 13. 0-0 Qc8 14. Qxc8 Raxc8 15. f4 Bc5+ 16. Kh1 Bc6 17. fxe5 Ng4 18. Nge4 Bxe4 19. Nxe4 Rfd8 20. e6 fxe6 21. Nxc5 Rxc5 22. h3 Nf6 23. d4 Rcd5 24. c3 e5 25. dxe5 Rxe5 26. Bf4 Re2 27. b4 Nb7 28. Bg5 Rd6 29. Bxf6 Rxf6 30. Rxf6 gxf6 31. Bb5 Nd6 32. Ba6 Kf7 33. a4 Rc2 34. Ra3 Ke6 35. a5 Kd5 36. Kg1 Ke4 37. b5 Kd5 38. b6 axb6 39. axb6 Rb2 40. Ra5+ Ke4 41. Rc5 Rxb6 42. Bxc4 Nxc4 43. Rxc4+ Kd3 44. Rc7 h5 45. Kf2 Rb5 46. c4 Rg5 47. c5 Kd4 48. c6 Kd5 49. Rf7 Rf5+ 50. Kg3 Kxc6 51. Kh4 Kd6 52. Rh7 Rg5 1/2-1/2